چمنستان بسمل : (Record no. 106565)

MARC details
000 -LEADER
fixed length control field 00952nam a22002537a 4500
005 - DATE AND TIME OF LATEST TRANSACTION
control field 20170123162314.0
010 ## - LIBRARY OF CONGRESS CONTROL NUMBER
LC control number B-429384
020 ## - INTERNATIONAL STANDARD BOOK NUMBER
Terms of availability 140.00
International Standard Book Number 8171211046
035 ## - SYSTEM CONTROL NUMBER
System control number B-429384
037 ## - SOURCE OF ACQUISITION
Source of stock number/acquisition Cen Lib/Ret
040 ## - CATALOGING SOURCE
Original cataloging agency DPL
Language of cataloging UR
082 ## - DEWEY DECIMAL CLASSIFICATION NUMBER
Classification number 841
Item number ب س م
245 ## - TITLE STATEMENT
Title چمنستان بسمل :
Statement of responsibility, etc مرتبہ محمّد اقبال
Remainder of title سید شاہ محمّد حسن بسمل عزیمبادی /
246 ## - VARYING FORM OF TITLE
Title proper/short title Chamanistaan-e-Bismil : Sayed Shah Mohammad Hasan Bismil Azimabadi /
Remainder of title edited by Mohammad Iqbal
260 ## - PUBLICATION, DISTRIBUTION, ETC. (IMPRINT)
Place of publication, distribution, etc دہلی
Name of publisher, distributor, etc کتابی دنیا
Date of publication, distribution, etc 2010
270 ## - ADDRESS
City دہلی
Postal code 110006
Address ١٩٥٥، گلی، نواب مرزا ترکمان گیٹ
300 ## - PHYSICAL DESCRIPTION
Extent 127p.
Dimensions 19cm(Hb)
650 ## - SUBJECT ADDED ENTRY--TOPICAL TERM
Topical term or geographic name as entry element ادب - اردو
9 (RLIN) 113299
650 ## - SUBJECT ADDED ENTRY--TOPICAL TERM
Topical term or geographic name as entry element اردو نظمیں
9 (RLIN) 462
650 ## - SUBJECT ADDED ENTRY--TOPICAL TERM
Topical term or geographic name as entry element Literature -- Urdu
9 (RLIN) 113300
650 ## - SUBJECT ADDED ENTRY--TOPICAL TERM
Topical term or geographic name as entry element Urdu poems
9 (RLIN) 113301
700 ## - ADDED ENTRY--PERSONAL NAME
Personal name محمّد اقبال
9 (RLIN) 433
942 ## - ADDED ENTRY ELEMENTS (KOHA)
Source of classification or shelving scheme Dewey Decimal Classification
Koha item type Urdu Bks
Classification part 841
Call number suffix ب س م
Holdings
Withdrawn status Lost status Damaged status Not for loan Home library Current library Date acquired Source of acquisition Cost, normal purchase price Total Checkouts Full call number Barcode Date last seen Copy number Cost, replacement price Price effective from Koha item type
        Central Library Central Library 23/12/2015 Cen Lib/Ret 140.00   841 ب س م B-429384 23/12/2015 1 140.00 23/12/2015 Urdu Bks

© Delhi Public Library
Hit Counter
free hit counter